00366nam a2200121 a 4500008004100000050001300041100001600054245007600070260004000146300001500186350000900201490003400210120416s2005 ||||||||||||||||| || u aIBRD(08) aDas, Jishnu10aMoney for nothing: the dire straits of medical practice in Delhi, India aWashington, D. C.bWorld Bankc2005 a39p.: ill. a0.00 aPolicy Research Working Paper